Countries That Are Recognized as Christian States - Statistics

General Stats
  • This quiz has been taken 37 times
  • The average score is 8 of 19
Answer Stats
Denomination Answer % Correct
Catholic Vatican City
76%
Eastern Orthodox Greece
69%
Eastern Orthodox Serbia
59%
Lutheran Iceland
55%
Lutheran Norway
55%
Evangelical Lutheran Sweden
55%
Catholic Argentina
52%
Oriental Orthodox Armenia
52%
Lutheran Denmark
52%
Eastern Orthodox Georgia
48%
Catholic Liechtenstein
45%
(Christian) Hungary
41%
Catholic Malta
41%
Catholic Dominican Republic
38%
Catholic Costa Rica
28%
Methodist Tonga
24%
(Christian) Samoa
21%
(Christian) Zambia
14%
Calvinist Tuvalu
10%
No matching quizzes found
Score Distribution
Percent of People with Each Score
Percentile by Number Answered
Your Score History
You have not taken this quiz